Dallas Stars Roster 24-25 - Statistics

General Stats
  • This quiz has been taken 188 times
    86 since last reset
  • The average score is 16 of 26
Answer Stats
# Player % Correct
14 Jamie Benn
94%
53 Wyatt Johnston
87%
29 Jake Oettinger
84%
21 Jason Robertson
84%
4 Miro Heiskanen
84%
24 Roope Hintz
84%
95 Matt Duchene
81%
91 Tyler Seguin
81%
27 Mason Marchment
77%
55 Thomas Harley
74%
1 Casey DeSmith
68%
23 Esa Lindell
68%
22 Mavrik Bourque
55%
96 Mikko Rantanen
55%
15 Colin Blackwell
52%
10 Oscar Bäck
52%
6 Lian Bichsel
48%
18 Sam Steel
48%
46 Ilya Lyubushkin
45%
11 Logan Stankoven
45%
63 Evgenii Dadonov
42%
3 Matthew Dumba
35%
64 Mikael Granlund
32%
2 Brendan Smith
29%
44 Cody Ceci
29%
5 Nils Lundkvist
26%
No matching quizzes found
Score Distribution
Percent of People with Each Score
Percentile by Number Answered
Your Score History
You have not taken this quiz since the last reset